| 000 | 00546nam a2200169 4500 | ||
|---|---|---|---|
| 001 | 148371 | ||
| 003 | ES-MaACL | ||
| 007 | t| | ||
| 008 | 070214s1910 fr r ||||1| fre d | ||
| 100 | 1 |
_aSteffens, Franz. _9108000 |
|
| 245 | 1 | 0 |
_aPaleographie latine / _cFranz Steffens. |
| 250 |
_aedition française d'apres la nouvelle edition allemande _bpar Remi Coulan. |
||
| 260 |
_aTréves (Francia) : _b[s. n.], _c1910 ( _fImp. Schaar-Dathe) |
||
| 300 |
_aXL, 125 facsimiles ; _c42 cm. |
||
| 700 | 1 |
_aCoulan, Remi. _941232 |
|
| 852 |
_aES-MaACL _jB-8102 |
||
| 999 |
_c148371 _d148371 |
||